000 01020nam a2200241 a 4500
001 39388
003 BD-RjUL
005 20211209053000.0
008 160410b20121998bg ||||| |||| 00| 0 ben d
020 _a8172158491
_cTK.400.00
035 _a(BD-RjUL) 39501
040 _aBD-RjUL
_bben
_cBD-RjUL
041 _aben
082 _223
_a305.56
_bNIM 2012
245 0 0 _aনিম্নবর্গের ইতিহাস /
_cসম্পাদনা, গৌতম ভদ্র , পার্থ চট্টোপাধ্যায়
260 _aকলকাতা :
_bআনন্দ পাবলিশার্স,
_c১৯৯৮ [মুদ্রন ২০০১-২০১২]
300 _a[১২], ২৮৮ পৃ. ;
_c২২ সেমি.
650 _aমানুষ (নিম্নবর্গ)
_9121420
650 _aPeople (Lower class)
_9121421
700 _aভদ্র, গৌতম,
_9121422
700 _aচট্টোপাধ্যায়, পার্থ
_9121422
942 _2ddc
_cBK
999 _c39388
_d39388